| 000 | 00956cam a2200301 4500 | ||
|---|---|---|---|
| 001 | M1905 | ||
| 008 | 090401t1995 xxu||||| |||| 00| 0 eng d | ||
| 035 | _a(Sirsi) u35177 | ||
| 041 | _aeng | ||
| 050 | _a333.0062 | ||
| 090 | _aRICS 1995/53ABCD | ||
| 110 |
_aRoyal Institution of Chartered Surveyors _94900 |
||
| 245 | _aMethods of investigating inadequate professional services: report for the General Council. | ||
| 260 |
_aLondon _bRICS _c1995 |
||
| 300 | _a20p. ; 30cm. | ||
| 350 | _a0 | ||
| 520 | _aProduced by the Working Party of the Standards and Practice Committee. | ||
| 650 | _aABOUT RICS-RICS MEMBERS | ||
| 650 | _aINADEQUATE PROFESSIONAL SERVICE | ||
| 650 | _aNEGLIGENCE | ||
| 650 | _aPROFESSIONAL COMPETENCE | ||
| 650 | _aPROFESSIONAL PRACTICE | ||
| 650 | _aSTANDARDS AND PRACTICE COMMITTEE | ||
| 650 | _aSTANDARDS | ||
| 690 | _aMANAGEMENT-BUSINESS MANAGEMENT-PROFESSIONAL PRACTICE | ||
| 942 | _n0 | ||
| 948 | _c04/03/1997 | ||
| 999 |
_c90061 _d90061 |
||